000 00323nam a2200133Ia 4500
100 _aStinson Craig
942 _cBK
654 _aLearning and running windows 3.1
245 _aLearning and Running Windows 3.1
260 _bMicrosoft Press
_aBombay
_c1995
082 _a005.13 'W'
546 _aENGLISH
999 _c20421
_d20421